| 000 | 00375nam a2200145Ia 4500 | ||
|---|---|---|---|
| 008 | 230917s9999||||xx |||||||||||||| ||und|| | ||
| 040 |
_e203663 _aMAIN |
||
| 041 | _aEnglish | ||
| 082 | _a869.3 C65L | ||
| 100 | _aCoelho, Paulo | ||
| 245 | 0 | _aLike the flowing river: Thoughts and reflections | |
| 260 |
_aNoida _bHarper Collins _c2012 |
||
| 300 | _axv, 232 p. | ||
| 942 | _cBK | ||
| 999 |
_c174032 _d174032 |
||